| 000 | 01555nam a22003857a 4500 | ||
|---|---|---|---|
| 003 | CHAP | ||
| 005 | 20220329141655.0 | ||
| 008 | 971013s r 00010 d | ||
| 010 | _a72005 | ||
| 011 | _a72977 | ||
| 035 | _a82534 | ||
| 040 | _cCHAP | ||
| 082 |
_a332.71 _bB35 |
||
| 110 |
_aBanco Nacional de Crédito Agrícola, S. A. México _99874 |
||
| 245 | _aEstadísticas crediticias | ||
| 260 |
_aMéxico, D. F. : _bEl Banco, _c19- . |
||
| 300 | _av. tablas | ||
| 500 | _aLa biblioteca tiene : 1963, 1964, 1965, 1966, 1967, 1968, | ||
| 590 |
_aBATCH-UPD _b10 _c20130110 _lUCH01 _h0223 |
||
| 590 |
_aBATCH-UPD _b10 _c20130409 _lUCH01 _h2245 |
||
| 590 |
_aBATCH-UPD _b10 _c20130914 _lUCH01 _h1102 |
||
| 590 |
_aCONVERSION _b10 _c20130109 _lUCH01 _h1339 |
||
| 650 | 1 | 4 |
_aCrédito agrícola _xEstadísticas. _929054 |
| 901 | _aBK | ||
| 942 | _cLIBRO | ||
| 949 |
_a332.71 B35 _bBC _cC _d33724000532339 _eC _f1963 c.2 _h14265 _i82534 _si |
||
| 949 |
_a332.71 B35 _bBC _cC _d33724000532933 _eC _f1963 _h3224 _i82534 _si |
||
| 949 |
_a332.71 B35 _bBC _cC _d33724000532941 _eC _f1966 _h14262 _i82534 _si |
||
| 949 |
_a332.71 B35 _bBC _cC _d33724000533006 _eC _f1967 _h14217 _i82534 _si |
||
| 949 |
_a332.71 B35 _bBC _cC _d33724000533089 _eC _f1967 c.2 _h14261 _i82534 _si |
||
| 949 |
_a332.71 B35 _bBC _cC _d33724000533105 _eC _f1968 _h14258 _i82534 _si |
||
| 949 |
_a332.71 B35 _bBC _cC _d33724000533113 _eC _f1965 _h14263 _i82534 _si |
||
| 949 |
_a332.71 B35 _bBC _cC _d33724000827267 _eC _f1964 _h14264 _i82534 _sb |
||
| 949 |
_a332.71 B35 _bBC _cC _d33724000841029 _eC _f1968 c.2 _gDonaciØn _h100934 _i82534 _sb |
||
| 999 |
_c72005 _d72005 |
||